000
00245nam a2200097Ia 4500
001
679833
005
20250826161330.0
008
250824s9999 xx 000 0 und d
245
0
_a
ÇALINAN KENT
_c
GÜLSEVİN KIRAL
260
_b
GÜNIŞIĞI YAYINLARI
999
_c
679833
_d
679833